ბათუმის შოთა რუსთაველის სახელმწიფო უნივერსიტეტის ბიბლიოთეკა

Алгебра. Топология. Геометрия. 1968 (ბიბ.ჩანაწერი № 38893)

000 -LEADER
fixed length control field 00448nam a2200169Ia 4500
001 - CONTROL NUMBER
control field 5308
003 - CONTROL NUMBER IDENTIFIER
control field GE_BSU
008 - FIXED-LENGTH DATA ELEMENTS--GENERAL INFORMATION
fixed length control field 181216s||||||||xx |||||||||||||| ||und||
040 ## - CATALOGING SOURCE
Transcribing agency GE_BSU
080 ## - UNIVERSAL DECIMAL CLASSIFICATION NUMBER
Universal Decimal Classification number 512+515.1+511
245 ## - TITLE STATEMENT
Title Алгебра. Топология. Геометрия. 1968
260 ## - PUBLICATION, DISTRIBUTION, ETC.
Place of publication, distribution, etc. Москва
260 ## - PUBLICATION, DISTRIBUTION, ETC.
Date of publication, distribution, etc. 1970
300 ## - PHYSICAL DESCRIPTION
Extent 223 с. 22 см.
653 ## - INDEX TERM--UNCONTROLLED
Uncontrolled term Алгебра. Топология. Геометрия.
942 ## - ADDED ENTRY ELEMENTS (KOHA)
Koha item type წიგნი
ეგზემპლარები
Withdrawn status Lost status Damaged status Not for loan Date acquired Barcode Date last seen Price effective from Koha item type Public note
        2018-12-17 16535 2018-12-17 2018-12-17 წიგნი დარბაზი